Phân lập vi khuẩn khử đạm trong ao nuôi tôm sú tại Bạc Liêu : Luận văn tốt nghiệp cao học. Ngành Công nghệ sinh học

Nội dung đề tài là phân lập một số dòng vi khuẩn khử đạm Pseudomonas stuzeri từ ao nuôi tôm sú tại tỉnh Bạc Liêu; Ứng dụng một số dòng vi khuẩn Pseudomonas stutzeri phân lập để xử lý mẫu nước bị ô nhiễm ammonia trong điều kiện phòng thí ng...

Descripción completa

Guardado en:
Detalles Bibliográficos
Autor principal: Huỳnh, Thị Cẩm Tú
Formato: Libro
Lenguaje:Undetermined
Publicado: Cần Thơ Trường Đại học Cần Thơ 2009
Materias:
Etiquetas: Agregar Etiqueta
Sin Etiquetas, Sea el primero en etiquetar este registro!
Thư viện lưu trữ: Trung tâm Học liệu Trường Đại học Cần Thơ
LEADER 01199nam a2200217Ia 4500
001 CTU_152097
008 210402s9999 xx 000 0 und d
082 |a 660.63 
082 |b T500 
088 |a 60420201 
100 |a Huỳnh, Thị Cẩm Tú 
245 0 |a Phân lập vi khuẩn khử đạm trong ao nuôi tôm sú tại Bạc Liêu : 
245 0 |b Luận văn tốt nghiệp cao học. Ngành Công nghệ sinh học 
245 0 |c Huỳnh Thị Cẩm Tú; Cao Ngọc Điệp (cán bộ hướng dẫn) 
260 |a Cần Thơ 
260 |b Trường Đại học Cần Thơ 
260 |c 2009 
520 |a Nội dung đề tài là phân lập một số dòng vi khuẩn khử đạm Pseudomonas stuzeri từ ao nuôi tôm sú tại tỉnh Bạc Liêu; Ứng dụng một số dòng vi khuẩn Pseudomonas stutzeri phân lập để xử lý mẫu nước bị ô nhiễm ammonia trong điều kiện phòng thí nghiệm. 
650 |a Biochemical engineering,Kỹ thuật sinh hóa học 
904 |i Năm, Ái 
980 |a Trung tâm Học liệu Trường Đại học Cần Thơ